[Event "Titled Tuesday intern op 28th Jan Early"]
[Site "Chess.com INT"]
[Date "2025.01.28"]
[Round "2"]
[White "Kyaw, Myat Aung"]
[Black "Solberg, Joachim Krokvik"]
[Result "0-1"]
[WhiteElo "2033"]
[BlackElo "2140"]
[PlyCount "70"]
[EventDate "2025.01.28"]
[EventType "swiss (blitz)"]
[EventRounds "11"]
[EventCountry "USA"]
[SourceTitle "CB06_2025"]
[SourceDate "2025.02.05"]
[SourceVersion "1"]
[SourceVersionDate "2025.02.05"]
[SourceQuality "1"]

1. e4 c5 2. Nf3 e6 3. d4 cxd4 4. Nxd4 Bc5 5. Nb3 Bb6 6. Nc3 Ne7 7. Qg4 0-0 8. Bf4 f5 9. exf5 Nxf5 10. Bd3 Nc6 11. 0-0 d5 12. Bg5 Qe8 13. Bd2 Ne5 14. Qh3 Nxd3 15. Qxd3 Bd7 16. Rae1 Qf7 17. a4 a6 18. a5 Ba7 19. Bf4 Rac8 20. Be5 Qg6 21. Kh1 h5 22. Nd4 Rc4 23. Nce2 h4 24. Nf4 Qh6 25. c3 Nxd4 26. cxd4 Rxf4 27. Bxf4 Qxf4 28. b3 Rxd4 29. Qc3 Re4 30. Rxe4 dxe4 31. Rd1 Bc6 32. Rd8+ Kh7 33. f3 exf3 34. Qc2+ Be4 35. Qc8 fxg2# 0-1

[Event "Titled Tuesday intern op 27th Aug Early"]
[Site "Chess.com INT"]
[Date "2024.08.27"]
[Round "5"]
[White "Harriott, Tyrell"]
[Black "Solberg, Joachim Krokvik"]
[Result "1-0"]
[WhiteElo "1924"]
[BlackElo "2146"]
[PlyCount "57"]
[EventDate "2024.08.27"]
[EventType "swiss (blitz)"]
[EventRounds "11"]
[EventCountry "USA"]
[SourceTitle "EXT 2025"]
[Source "ChessBase"]
[SourceDate "2024.10.14"]
[SourceVersion "1"]
[SourceVersionDate "2024.10.14"]
[SourceQuality "1"]

1. d4 d5 2. e3 e6 3. Bd3 Nf6 4. f4 c5 5. c3 Nc6 6. Nf3 Bd6 7. 0-0 0-0 8. Ne5 Nd7 9. Qg4 f5 10. Qh3 Nf6 11. Nd2 Ne4 12. g4 Nxe5 13. fxe5 Be7 14. gxf5 exf5 15. Nf3 Be6 16. Bd2 Qd7 17. Qg2 c4 18. Bc2 b5 19. a3 a5 20. Kh1 Rab8 21. Rg1 Rf7 22. Be1 b4 23. axb4 axb4 24. cxb4 Bxb4 25. Bxb4 Rxb4 26. Bxe4 fxe4 27. Ng5 Re7 28. Nxe6 Qxe6 29. Ra8+ 1-0

[Event "Titled Tuesday intern op 27th Aug Early"]
[Site "Chess.com INT"]
[Date "2024.08.27"]
[Round "9"]
[White "Solberg, Joachim Krokvik"]
[Black "Bold, Andre"]
[Result "1-0"]
[WhiteElo "2146"]
[BlackElo "2215"]
[PlyCount "111"]
[EventDate "2024.08.27"]
[EventType "swiss (blitz)"]
[EventRounds "11"]
[EventCountry "USA"]
[SourceTitle "EXT 2025"]
[Source "ChessBase"]
[SourceDate "2024.10.14"]
[SourceVersion "1"]
[SourceVersionDate "2024.10.14"]
[SourceQuality "1"]

1. e4 c6 2. d4 d5 3. exd5 cxd5 4. Bd3 Nf6 5. c3 Nc6 6. Bf4 Bg4 7. Nf3 e6 8. Nbd2 Bd6 9. Bxd6 Qxd6 10. 0-0 0-0 11. Re1 Qc7 12. Qc2 Rac8 13. Qb1 Bh5 14. Ne5 Bg6 15. Nxg6 hxg6 16. Nf3 a6 17. Qd1 b5 18. a4 Rb8 19. axb5 axb5 20. b4 Ne8 21. Rc1 Nd6 22. h4 Ne7 23. Ne5 Nc4 24. h5 Nxe5 25. Rxe5 Nc6 26. Rg5 e5 27. Bxg6 fxg6 28. hxg6 Rfe8 29. Qh5 Kf8 30. Rf5+ Ke7 31. Rf7+ Kd8 32. Rxc7 Kxc7 33. dxe5 Rxe5 34. Qh7 Re7 35. Rd1 Rd8 36. Qh2+ Kb7 37. Qf4 Red7 38. Qf3 Kb6 39. Qe3+ d4 40. cxd4 Nxd4 41. Kf1 Kb7 42. Qe4+ Kb6 43. g3 Rd6 44. Rc1 R8d7 45. Kg2 Nc6 46. Qe3+ Kb7 47. Rc5 Kb6 48. Rd5+ Kc7 49. Rxd6 Rxd6 50. Qf4 Nd8 51. Qe5 Kc6 52. Qxg7 Ne6 53. Qf6 Nd4 54. Qf7 Rd7 55. Qxd7+ Kxd7 56. g7 1-0

[Event "Titled Tuesday intern op 27th Aug Early"]
[Site "Chess.com INT"]
[Date "2024.08.27"]
[Round "10"]
[White "Solberg, Joachim Krokvik"]
[Black "Bueno, Alfeu Varela Jr"]
[Result "1-0"]
[WhiteElo "2146"]
[BlackElo "2209"]
[PlyCount "29"]
[EventDate "2024.08.27"]
[EventType "swiss (blitz)"]
[EventRounds "11"]
[EventCountry "USA"]
[SourceTitle "EXT 2025"]
[Source "ChessBase"]
[SourceDate "2024.10.14"]
[SourceVersion "1"]
[SourceVersionDate "2024.10.14"]
[SourceQuality "1"]

1. e4 e6 2. d4 d5 3. Bd3 c5 4. exd5 exd5 5. dxc5 Nc6 6. Nf3 Bxc5 7. 0-0 Bg4 8. h3 Bh5 9. Re1+ Nge7 10. Nc3 0-0 11. Bxh7+ Kxh7 12. Ng5+ Kg6 13. g4 Rh8 14. Qd3+ f5 15. Re6# 1-0

[Event "Titled Tuesday intern op 20th Aug Early"]
[Site "Chess.com INT"]
[Date "2024.08.20"]
[Round "4"]
[White "Li, Hui"]
[Black "Solberg, Joachim Krokvik"]
[Result "1/2-1/2"]
[WhiteElo "2016"]
[BlackElo "2146"]
[PlyCount "107"]
[EventDate "2024.08.20"]
[EventType "swiss (blitz)"]
[EventRounds "11"]
[EventCountry "USA"]
[SourceTitle "EXT 2025"]
[Source "ChessBase"]
[SourceDate "2024.10.14"]
[SourceVersion "1"]
[SourceVersionDate "2024.10.14"]
[SourceQuality "1"]

1. e4 c5 2. Nf3 Nc6 3. d4 cxd4 4. Nxd4 Nf6 5. Nc3 e5 6. Ndb5 d6 7. Bg5 a6 8. Na3 b5 9. Nd5 Be7 10. Bxf6 Bxf6 11. c3 0-0 12. Nc2 Bg5 13. a4 bxa4 14. Rxa4 a5 15. Bc4 Rb8 16. b3 Kh8 17. Nce3 Bxe3 18. Nxe3 Ne7 19. 0-0 f5 20. exf5 Nxf5 21. Nxf5 Bxf5 22. Qd5 Qg5 23. Rxa5 Rbd8 24. Ra2 Qg6 25. f3 e4 26. Raf2 e3 27. Re2 Rde8 28. Qd4 Bh3 29. Qh4 Be6 30. Bxe6 Qxe6 31. Qc4 d5 32. Qd4 h6 33. Rfe1 Qa6 34. h3 Qb5 35. Rxe3 Rxe3 36. Rxe3 Qxb3 37. Re7 Rf6 38. Re8+ Kh7 39. Qd3+ g6 40. Re7+ Kg8 41. Re5 Qb6+ 42. Kh1 h5 43. Qxd5+ Kg7 44. Re7+ Kh6 45. Qd2+ g5 46. Re1 Qc5 47. Qd4 Qf5 48. Qe5 Qg6 49. Qe8 Qf5 50. Qh8+ Kg6 51. Qg8+ Kh6 52. Qh8+ Kg6 53. Qe8+ Kh6 54. Qh8+ 1/2-1/2

[Event "Titled Tuesday intern op 06th Aug Early"]
[Site "Chess.com INT"]
[Date "2024.08.06"]
[Round "4"]
[White "Solberg, Joachim Krokvik"]
[Black "Manteiga, Franco"]
[Result "1-0"]
[WhiteElo "2146"]
[BlackElo "2006"]
[PlyCount "90"]
[EventDate "2024.08.06"]
[EventType "swiss (blitz)"]
[EventRounds "11"]
[EventCountry "USA"]
[SourceTitle "EXT 2025"]
[Source "ChessBase"]
[SourceDate "2024.10.14"]
[SourceVersion "1"]
[SourceVersionDate "2024.10.14"]
[SourceQuality "1"]

1. Nf3 d5 2. d4 Nf6 3. g3 Bf5 4. Bg2 e6 5. 0-0 Be7 6. c4 c6 7. Nc3 0-0 8. Ne5 Nbd7 9. f4 dxc4 10. Nxc4 Nb6 11. Ne5 c5 12. Bxb7 Rb8 13. Bg2 cxd4 14. Nc6 Qc7 15. Nxe7+ Qxe7 16. Qxd4 Rfd8 17. Qf2 Ng4 18. Qf3 Qc5+ 19. Kh1 Nf6 20. e4 Bg4 21. Qe3 Qc7 22. e5 Nc4 23. Qf2 Nd5 24. Nxd5 exd5 25. b3 Nb6 26. Be3 Qc3 27. Rac1 Qa5 28. Bd4 Bf5 29. h3 Be4 30. f5 Bxg2+ 31. Qxg2 Qb4 32. Qf2 Qb5 33. f6 g6 34. Qe3 Qe8 35. e6 Rd6 36. Qh6 Qf8 37. Qxf8+ Kxf8 38. Bc5 Nc8 39. e7+ Ke8 40. Bxd6 Nxd6 41. Rfd1 Ne4 42. Rxd5 Nxg3+ 43. Kg2 Nf5 44. Rdc5 Ne3+ 45. Kf3 Kd7 1-0

[Event "Titled Tuesday intern op 06th Aug Late"]
[Site "Chess.com INT"]
[Date "2024.08.06"]
[Round "5"]
[White "Zapata Romero, Italo German"]
[Black "Solberg, Joachim Krokvik"]
[Result "0-1"]
[WhiteElo "2049"]
[BlackElo "2146"]
[PlyCount "92"]
[EventDate "2024.08.06"]
[EventType "swiss (blitz)"]
[EventRounds "11"]
[EventCountry "USA"]
[SourceTitle "EXT 2025"]
[Source "ChessBase"]
[SourceDate "2024.10.14"]
[SourceVersion "1"]
[SourceVersionDate "2024.10.14"]
[SourceQuality "1"]

1. Nf3 Nf6 2. c4 b6 3. g3 Bb7 4. Bg2 e6 5. d4 Be7 6. 0-0 0-0 7. Nc3 Ne4 8. Qc2 Nxc3 9. Qxc3 c5 10. Rd1 d6 11. Be3 Qc7 12. b4 cxb4 13. Qxb4 Nc6 14. Qc3 e5 15. dxe5 dxe5 16. Nd2 Nd4 17. Bxd4 exd4 18. Qd3 Bxg2 19. Kxg2 Rfd8 20. Rac1 Rac8 21. Nf3 Bf6 22. Qe4 Qc5 23. h4 h6 24. Rd3 Re8 25. Qg4 b5 26. Nd2 bxc4 27. Rxc4 Qd5+ 28. Qf3 Qxf3+ 29. Kxf3 Rxc4 30. Nxc4 Rc8 31. Nd2 Rc2 32. a3 Rc6 33. Nb3 Rc4 34. Ke4 Ra4 35. Nc5 Rc4 36. Kd5 Rc2 37. e3 dxe3 38. fxe3 Be7 39. Ne4 f5 40. Nd2 Bxa3 41. Nf3 Bc5 42. Ke6 Rf2 43. Ne5 Bb6 44. Rd7 Bxe3 45. Nc4 Bc5 46. Kd5 Bb6 0-1

[Event "Titled Tuesday intern op 23rd Jul Late"]
[Site "Chess.com INT"]
[Date "2024.07.23"]
[Round "4"]
[White "Gruca, Miroslav"]
[Black "Solberg, Joachim Krokvik"]
[Result "0-1"]
[WhiteElo "2198"]
[BlackElo "2167"]
[PlyCount "46"]
[EventDate "2024.07.23"]
[EventType "swiss (blitz)"]
[EventRounds "11"]
[EventCountry "USA"]
[SourceTitle "EXT 2025"]
[Source "ChessBase"]
[SourceDate "2024.10.14"]
[SourceVersion "1"]
[SourceVersionDate "2024.10.14"]
[SourceQuality "1"]

1. d4 Nf6 2. Nc3 e6 3. e4 d5 4. exd5 Nxd5 5. Nf3 c5 6. Bb5+ Nc6 7. 0-0 Bd6 8. Ne4 cxd4 9. Nxd4 Qc7 10. c4 Bxh2+ 11. Kh1 Nf6 12. Nxf6+ gxf6 13. Qh5 Be5 14. Nxe6 Bxe6 15. Be3 0-0-0 16. Bxc6 Qxc6 17. Bxa7 Bd4 18. c5 Rd5 19. Qh4 Rg8 20. f3 Rgg5 21. g4 h5 22. Rad1 Bxc5 23. Bxc5 Rxc5 0-1

[Event "Titled Tuesday intern op 23rd Jul Early"]
[Site "Chess.com INT"]
[Date "2024.07.23"]
[Round "1"]
[White "Solberg, Joachim Krokvik"]
[Black "Fernandez Bustamante, Leancy B"]
[Result "1/2-1/2"]
[WhiteElo "2167"]
[BlackElo "2169"]
[PlyCount "151"]
[EventDate "2024.07.23"]
[EventType "swiss (blitz)"]
[EventRounds "11"]
[EventCountry "USA"]
[SourceTitle "EXT 2025"]
[Source "ChessBase"]
[SourceDate "2024.10.14"]
[SourceVersion "1"]
[SourceVersionDate "2024.10.14"]
[SourceQuality "1"]

1. e4 c5 2. Nf3 a6 3. a4 Nc6 4. Nc3 d6 5. h3 Nf6 6. d4 cxd4 7. Nxd4 g6 8. Be3 Bg7 9. Be2 0-0 10. 0-0 Bd7 11. f4 Nxd4 12. Bxd4 Bc6 13. Bf3 Qc7 14. a5 e5 15. Bb6 Qe7 16. fxe5 dxe5 17. Qe2 Nd7 18. Bf2 Nc5 19. Rfd1 Ne6 20. Nd5 Bxd5 21. exd5 Nf4 22. Qe1 Rad8 23. c4 f5 24. c5 e4 25. d6 Qd7 26. Be2 Nxe2+ 27. Qxe2 Rde8 28. Qc4+ Kh8 29. Bd4 f4 30. Bxg7+ Kxg7 31. Rac1 f3 32. c6 f2+ 33. Kf1 bxc6 34. Qxc6 Qf5 35. d7 Rd8 36. Qd5 Qxd5 37. Rxd5 Rf7 38. Rc7 e3 39. Re5 Rdxd7 40. Rxd7 Rxd7 41. Rxe3 Rd5 42. b4 Rd4 43. Rb3 Rd2 44. b5 axb5 45. Rxb5 Ra2 46. Rb7+ Kh6 47. Ra7 Kg5 48. g3 Kf5 49. Rxh7 Rxa5 50. Rf7+ Ke6 51. Rxf2 Ra1+ 52. Kg2 Ra3 53. h4 Ke5 54. Kh3 Rb3 55. Kg4 Ke6 56. Rf4 Rb5 57. Rf3 Ke7 58. Kh3 Ke6 59. g4 Rb4 60. Kg3 Ke7 61. h5 gxh5 62. gxh5 Rb6 63. Kg4 Rf6 64. Rc3 Kf7 65. Rc7+ Kg8 66. Kg5 Ra6 67. Rc5 Kh8 68. Rf5 Kg8 69. h6 Kh7 70. Rf7+ Kg8 71. Rf6 Rxf6 72. Kxf6 Kh7 73. Kg5 Kh8 74. Kg6 Kg8 75. h7+ Kh8 76. Kh6 1/2-1/2

[Event "Titled Tuesday intern op 23rd Jul Early"]
[Site "Chess.com INT"]
[Date "2024.07.23"]
[Round "6"]
[White "Volkov, Maksim"]
[Black "Solberg, Joachim Krokvik"]
[Result "1-0"]
[WhiteElo "2333"]
[BlackElo "2167"]
[PlyCount "87"]
[EventDate "2024.07.23"]
[EventType "swiss (blitz)"]
[EventRounds "11"]
[EventCountry "USA"]
[SourceTitle "EXT 2025"]
[Source "ChessBase"]
[SourceDate "2024.10.14"]
[SourceVersion "1"]
[SourceVersionDate "2024.10.14"]
[SourceQuality "1"]

1. d4 d5 2. c4 e6 3. Nf3 c5 4. cxd5 exd5 5. g3 Nf6 6. Bg2 Nc6 7. 0-0 c4 8. b3 cxb3 9. Qxb3 Be7 10. Ba3 0-0 11. e3 Na5 12. Qd3 Nc4 13. Bxe7 Qxe7 14. Nc3 Be6 15. Rab1 Rac8 16. Ne5 b6 17. Nxc4 dxc4 18. Qc2 Rfd8 19. Rbd1 Nd5 20. Bxd5 Bxd5 21. e4 Bb7 22. d5 a6 23. Qb2 b5 24. a3 Qc5 25. Qb4 Qb6 26. Rfe1 h6 27. h4 Qc5 28. Rd2 f6 29. Rb1 Rd6 30. Qxc5 Rxc5 31. f4 Rd8 32. Kf2 Kf7 33. Ke3 Rcc8 34. e5 fxe5 35. fxe5 Ke7 36. Rf1 Rf8 37. Rdf2 Rxf2 38. Rxf2 Rd8 39. Kd4 a5 40. e6 b4 41. Rf7+ Ke8 42. axb4 axb4 43. Rxb7 bxc3 44. Rc7 1-0

[Event "Titled Tuesday intern op 16th Jul Late"]
[Site "Chess.com INT"]
[Date "2024.07.16"]
[Round "8"]
[White "Thake, Conrad"]
[Black "Solberg, Joachim Krokvik"]
[Result "1-0"]
[WhiteElo "1853"]
[BlackElo "2167"]
[PlyCount "153"]
[EventDate "2024.07.16"]
[EventType "swiss (blitz)"]
[EventRounds "11"]
[EventCountry "USA"]
[SourceTitle "EXT 2025"]
[Source "ChessBase"]
[SourceDate "2024.10.14"]
[SourceVersion "1"]
[SourceVersionDate "2024.10.14"]
[SourceQuality "1"]

1. e4 c5 2. Nc3 e6 3. g3 a6 4. Bg2 b5 5. d3 Bb7 6. Nh3 Nf6 7. 0-0 Be7 8. f4 d5 9. e5 Nfd7 10. a4 b4 11. Ne2 Nc6 12. b3 0-0 13. Qe1 f6 14. exf6 Bxf6 15. Rb1 Re8 16. g4 g6 17. f5 Nd4 18. fxg6 hxg6 19. Nxd4 Bxd4+ 20. Kh1 Ne5 21. Bb2 Bxb2 22. Rxb2 Nc6 23. g5 Nd4 24. Rf6 Re7 25. Nf4 e5 26. Nxg6 Rg7 27. Qh4 Rh7 28. Qg3 Qc7 29. Nxe5 Re8 30. g6 Rg7 31. Nf7 Qxg3 32. hxg3 Re1+ 33. Kh2 Ne6 34. Nd6 Bc6 35. c4 Nf8 36. Rbf2 Nxg6 37. Nf5 Rh7+ 38. Nh4 Nxh4 39. gxh4 Rxh4+ 40. Kg3 Rh8 41. Rg6+ Kh7 42. Rg4 Re7 43. Rf5 Rg7 44. Rh5+ Kg8 45. Rhg5 Rxg5 46. Rxg5+ Kf7 47. Bxd5+ Bxd5 48. Rxd5 Rc8 49. Kf4 Ke6 50. Ke4 a5 51. d4 cxd4 52. Kxd4 Rf8 53. Rxa5 Rf3 54. Kc5 Rxb3 55. Rb5 Ra3 56. Rxb4 Kd7 57. Kb5 Kc7 58. a5 Ra1 59. c5 Ra3 60. a6 Kb8 61. Kb6 Ka8 62. Rb5 Rd3 63. c6 Rd8 64. c7 Rf8 65. Kc6 Rf6+ 66. Kd7 Rf7+ 67. Kd8 Rf8+ 68. Ke7 Rh8 69. Kd6 Rh6+ 70. Kc5 Rh8 71. Kb6 Rh6+ 72. Ka5 Rh8 73. Rb6 Rc8 74. Rc6 Ka7 75. Kb5 Ka8 76. Kb6 Re8 77. c8Q+ 1-0

[Event "Titled Tuesday intern op 04th Jun Early"]
[Site "Chess.com INT"]
[Date "2024.06.04"]
[Round "1"]
[White "Gruzman, Ilya"]
[Black "Solberg, Joachim Krokvik"]
[Result "0-1"]
[WhiteElo "2149"]
[BlackElo "2167"]
[PlyCount "124"]
[EventDate "2024.06.04"]
[EventType "swiss (blitz)"]
[EventRounds "11"]
[EventCountry "USA"]
[SourceTitle "EXT 2025"]
[Source "ChessBase"]
[SourceDate "2024.10.14"]
[SourceVersion "1"]
[SourceVersionDate "2024.10.14"]
[SourceQuality "1"]

1. d4 d5 2. c4 e6 3. Nf3 Nf6 4. Nc3 c5 5. cxd5 Nxd5 6. e4 Nxc3 7. bxc3 cxd4 8. cxd4 Bb4+ 9. Bd2 Bxd2+ 10. Qxd2 0-0 11. Bd3 Nc6 12. e5 Qa5 13. Qxa5 Nxa5 14. 0-0 Bd7 15. Rfc1 Bc6 16. Ng5 h6 17. Ne4 Bxe4 18. Bxe4 Rfd8 19. Rd1 Rac8 20. Rac1 g6 21. Rxc8 Rxc8 22. Kf1 Kf8 23. Ke2 Ke7 24. Kd3 b6 25. f4 Rc4 26. Rd2 Ra4 27. Rc2 Kd7 28. d5 exd5 29. Bxd5 Rxf4 30. Ke3 Rf5 31. Ke4 Rf1 32. Rc3 Rf2 33. Kd4 h5 34. h4 Rf4+ 35. Ke3 Rxh4 36. Bxf7 Rg4 37. e6+ Ke7 38. Rc7+ Kf6 39. Kf3 Ra4 40. Bg8 Ra3+ 41. Ke4 Ra4+ 42. Kd5 Rxa2 43. Rf7+ Kg5 44. e7 Re2 45. Kd6 Nb7+ 46. Kc7 Nc5 47. Rh7 a5 48. Kxb6 Nd7+ 49. Kc7 Nf6 50. Rg7 Nxg8 51. Rxg8 Rxe7+ 52. Kb6 Re2 53. Kxa5 Rxg2 54. Kb4 h4 55. Kc3 h3 56. Kd3 h2 57. Rh8 Kg4 58. Ke3 Kg3 59. Rg8 h1Q 60. Rxg6+ Kh2 61. Rh6+ Kg1 62. Ra6 Rg3+ 0-1

[Event "Titled Tuesday intern op 04th Jun Early"]
[Site "Chess.com INT"]
[Date "2024.06.04"]
[Round "2"]
[White "Solberg, Joachim Krokvik"]
[Black "Klukin, Kirill"]
[Result "1-0"]
[WhiteElo "2167"]
[BlackElo "2413"]
[PlyCount "96"]
[EventDate "2024.06.04"]
[EventType "swiss (blitz)"]
[EventRounds "11"]
[EventCountry "USA"]
[SourceTitle "EXT 2025"]
[Source "ChessBase"]
[SourceDate "2024.10.14"]
[SourceVersion "1"]
[SourceVersionDate "2024.10.14"]
[SourceQuality "1"]

1. e4 c5 2. Nf3 g6 3. d4 cxd4 4. Nxd4 Bg7 5. Nc3 Nc6 6. Be3 Nf6 7. Bc4 0-0 8. Bb3 Re8 9. 0-0 d6 10. h3 Na5 11. Re1 b6 12. Qd2 Bb7 13. f3 Rc8 14. Rad1 Nc4 15. Bxc4 Rxc4 16. Nde2 Rc8 17. Bh6 Bh8 18. Be3 a6 19. a4 Nd7 20. Nd4 Ne5 21. b3 e6 22. Nce2 Qc7 23. c4 d5 24. cxd5 exd5 25. f4 Nd7 26. e5 Nc5 27. Rc1 Qd7 28. a5 Ne4 29. Qb4 b5 30. Nc3 Bg7 31. Nxe4 dxe4 32. Rxc8 Rxc8 33. Qd2 Bf8 34. Rc1 Rxc1+ 35. Qxc1 Bb4 36. f5 Bxa5 37. e6 fxe6 38. fxe6 Qc7 39. Qf1 Bb6 40. Qf6 Qg7 41. Qf2 Bd5 42. b4 Qf8 43. Qg3 Qd8 44. Qe5 Kf8 45. Qh8+ Ke7 46. Bg5+ Kd6 47. Bxd8 Bxd8 48. Qxd8+ Ke5 1-0

[Event "Titled Tuesday intern op 30th Apr Early"]
[Site "Chess.com INT"]
[Date "2024.04.30"]
[Round "2"]
[White "Lorenzo de la Riva, Lazaro"]
[Black "Solberg, Joachim Krokvik"]
[Result "1/2-1/2"]
[WhiteElo "2417"]
[BlackElo "2157"]
[PlyCount "118"]
[EventDate "2024.04.30"]
[EventType "swiss (blitz)"]
[EventRounds "11"]
[EventCountry "USA"]
[SourceTitle "CBM 220 Extra"]
[Source "ChessBase"]
[SourceDate "2024.07.31"]
[SourceVersion "1"]
[SourceVersionDate "2024.07.31"]
[SourceQuality "1"]

1. e4 c5 2. Nf3 e6 3. d4 cxd4 4. Nxd4 Bc5 5. Nb3 Bb6 6. Nc3 Ne7 7. Bd3 0-0 8. 0-0 Nbc6 9. Kh1 f5 10. f4 fxe4 11. Nxe4 d5 12. Ng5 h6 13. Nf3 Nb4 14. Be2 Nf5 15. a3 Nc6 16. g4 Ne3 17. Bxe3 Bxe3 18. Qd3 Bxf4 19. Nbd4 e5 20. Nxc6 bxc6 21. Qc3 Bxg4 22. Rae1 Bxf3+ 23. Rxf3 e4 24. Rg1 Bg5 25. Rfg3 Qf6 26. Qc5 Qf2 27. Qxf2 Rxf2 28. R3g2 Raf8 29. Rxf2 Rxf2 30. Rg2 Rxg2 31. Kxg2 Kf7 32. Ba6 Ke6 33. b3 c5 34. Bb7 Ke5 35. Kf2 Bc1 36. a4 g5 37. h3 a5 38. Bc6 h5 39. Be8 g4 40. h4 Kf4 41. Bxh5 g3+ 42. Kg2 d4 43. Bd1 d3 44. cxd3 exd3 45. h5 Bb2 46. h6 Ke3 47. Kxg3 Kd2 48. Bf3 Kc1 49. Kf4 d2 50. Ke4 d1Q 51. Bxd1 Kxd1 52. Kd5 Kc2 53. Kxc5 Kxb3 54. Kb5 Bc3 55. h7 Ka3 56. h8Q Bxh8 57. Kxa5 Bc3+ 58. Kb5 Kb3 59. a5 Bxa5 1/2-1/2

[Event "Titled Tuesday intern op 30th Apr Early"]
[Site "Chess.com INT"]
[Date "2024.04.30"]
[Round "3"]
[White "Simonovic, Miroslav"]
[Black "Solberg, Joachim Krokvik"]
[Result "1/2-1/2"]
[WhiteElo "2072"]
[BlackElo "2157"]
[PlyCount "167"]
[EventDate "2024.04.30"]
[EventType "swiss (blitz)"]
[EventRounds "11"]
[EventCountry "USA"]
[SourceTitle "CBM 220 Extra"]
[Source "ChessBase"]
[SourceDate "2024.07.31"]
[SourceVersion "1"]
[SourceVersionDate "2024.07.31"]
[SourceQuality "1"]

1. d4 d5 2. Bg5 Nf6 3. Bxf6 exf6 4. c4 dxc4 5. e3 Bd6 6. Bxc4 0-0 7. Nc3 f5 8. g3 c6 9. Be2 Qe7 10. Bf3 Nd7 11. Nge2 Nf6 12. Qd3 g6 13. 0-0 Be6 14. Rfd1 Rad8 15. Rac1 h5 16. h4 Kg7 17. Qc2 Ng4 18. Nf4 Bxf4 19. exf4 Qf6 20. d5 cxd5 21. Nxd5 Bxd5 22. Rxd5 Rxd5 23. Bxd5 b6 24. Bf3 Rd8 25. Bxg4 hxg4 26. Qc3 Rd4 27. Qc7 Rd2 28. Rc6 Qd4 29. Qe5+ Qxe5 30. fxe5 Rxb2 31. Rc7 Re2 32. Rxa7 Rxe5 33. Ra6 Rb5 34. a4 Rb2 35. a5 b5 36. Rb6 b4 37. a6 Ra2 38. Rxb4 Rxa6 39. Rb7 Re6 40. Kg2 Kf6 41. Rb8 Rd6 42. Re8 f4 43. gxf4 Kf5 44. Rh8 Kxf4 45. h5 gxh5 46. Rxh5 f5 47. Rh8 Rd2 48. Rg8 Rd6 49. Rg7 Ke5 50. Re7+ Kf6 51. Re8 Kg5 52. Rg8+ Kf4 53. Rg7 Rd1 54. Rg8 Rd3 55. Rg7 Rh3 56. Rg8 Rh5 57. Rg7 Rg5 58. Ra7 Rg6 59. Ra4+ Kg5 60. Ra5 Re6 61. Kg3 Rd6 62. Rb5 Rd3+ 63. Kg2 Rc3 64. Ra5 Rc4 65. Rb5 Kf6 66. Ra5 f4 67. Rb5 Re4 68. Ra5 Re5 69. Ra6+ Kf5 70. Ra8 Re6 71. Rf8+ Rf6 72. Ra8 Kg5 73. Ra5+ Kh4 74. Ra8 f3+ 75. Kh2 Rd6 76. Rh8+ Kg5 77. Kg3 Rg6 78. Rf8 Rg7 79. Rh8 Kf5 80. Rh5+ Ke4 81. Rh4 Kf5 82. Rh5+ Rg5 83. Rh6 Rg7 84. Rh5+ 1/2-1/2

[Event "Titled Tuesday intern op 09th Apr Early"]
[Site "Chess.com INT"]
[Date "2024.04.09"]
[Round "3"]
[White "Donatti, Alvaro"]
[Black "Solberg, Joachim Krokvik"]
[Result "0-1"]
[WhiteElo "2193"]
[BlackElo "2157"]
[PlyCount "70"]
[EventDate "2024.04.09"]
[EventType "swiss (blitz)"]
[EventRounds "11"]
[EventCountry "USA"]
[SourceTitle "EXT 2025"]
[Source "ChessBase"]
[SourceDate "2024.10.14"]
[SourceVersion "1"]
[SourceVersionDate "2024.10.14"]
[SourceQuality "1"]

1. e4 c5 2. Nf3 e6 3. d4 cxd4 4. Nxd4 Bc5 5. Be3 Qb6 6. Nc3 Nc6 7. Na4 Qa5+ 8. c3 Bxd4 9. Bxd4 Nxd4 10. Qxd4 e5 11. Qd1 Nf6 12. Bd3 0-0 13. 0-0 d6 14. b4 Qc7 15. c4 Be6 16. Rc1 Rac8 17. Qe2 a6 18. c5 d5 19. exd5 Nxd5 20. a3 Nf4 21. Qe4 f5 22. Qe3 e4 23. Bc4 Bxc4 24. Rxc4 Nd3 25. Nb6 Rce8 26. Nd5 Qe5 27. Qd4 Rd8 28. Qxe5 Nxe5 29. Rd4 Kf7 30. Rfd1 Nd3 31. f3 Rfe8 32. fxe4 fxe4 33. Kf1 Re5 34. Ke2 Rexd5 35. Ke3 Rxd4 0-1

[Event "Titled Tuesday intern op 09th Apr Early"]
[Site "Chess.com INT"]
[Date "2024.04.09"]
[Round "7"]
[White "Solberg, Joachim Krokvik"]
[Black "Kotlyar, Kirill"]
[Result "1-0"]
[WhiteElo "2157"]
[BlackElo "2390"]
[PlyCount "55"]
[EventDate "2024.04.09"]
[EventType "swiss (blitz)"]
[EventRounds "11"]
[EventCountry "USA"]
[SourceTitle "EXT 2025"]
[Source "ChessBase"]
[SourceDate "2024.10.14"]
[SourceVersion "1"]
[SourceVersionDate "2024.10.14"]
[SourceQuality "1"]

1. e4 c5 2. Nf3 Nc6 3. b3 e5 4. Bb2 d6 5. Bc4 g6 6. 0-0 Bg7 7. c3 Nge7 8. d4 0-0 9. dxe5 dxe5 10. Qe2 a6 11. Rd1 Qc7 12. a4 Bg4 13. Nbd2 Na5 14. h3 Nxc4 15. Nxc4 Bxf3 16. Qxf3 b5 17. axb5 axb5 18. Rxa8 Rxa8 19. Nd6 f6 20. Nxb5 Qb7 21. c4 Ra2 22. Bxe5 Qb6 23. Bc7 Qe6 24. e5 f5 25. Rd8+ Bf8 26. Bd6 Kg7 27. Nc7 Qf7 28. e6 1-0

[Event "Titled Tuesday intern op 02nd Apr Early"]
[Site "Chess.com INT"]
[Date "2024.04.02"]
[Round "6"]
[White "Donskov, Anatoly"]
[Black "Solberg, Joachim Krokvik"]
[Result "0-1"]
[WhiteElo "2279"]
[BlackElo "2157"]
[PlyCount "85"]
[EventDate "2024.04.02"]
[EventType "swiss (blitz)"]
[EventRounds "11"]
[EventCountry "USA"]
[SourceTitle "CBM 219 Extra"]
[Source "ChessBase"]
[SourceDate "2024.05.31"]
[SourceVersion "1"]
[SourceVersionDate "2024.05.31"]
[SourceQuality "1"]

1. e4 c5 2. Nf3 e6 3. d4 cxd4 4. Nxd4 Bc5 5. Nb3 Bb6 6. c4 Ne7 7. Nc3 0-0 8. Be2 Nbc6 9. 0-0 f5 10. c5 Bc7 11. Nb5 Bb8 12. Nd6 fxe4 13. Be3 Nf5 14. Bf4 b6 15. Rc1 b5 16. Bxb5 Nxd6 17. Bxd6 Bxd6 18. Qxd6 Bb7 19. Nd4 Nxd4 20. Qxd4 Bd5 21. Bc4 Bc6 22. b4 Rb8 23. a3 Qg5 24. Qe3 Qg6 25. Rcd1 Rf3 26. Qe2 e3 27. fxe3 Rxe3 28. Qf2 Re5 29. b5 Bxg2 30. Bd3 Be4+ 31. Qg3 Rg5 32. Bxe4 Rxg3+ 33. hxg3 Qxe4 34. Rxd7 Qe3+ 35. Kg2 Qxc5 36. Rff7 Qg5 37. Rxa7 Rxb5 38. Rf2 h5 39. Raf7 Rb3 40. R7f3 Qd5 41. a4 g5 42. g4 hxg4 43. Kh2 0-1